| 000 | 00442nam a2200157 a 4500 | ||
|---|---|---|---|
| 001 | 5660 | ||
| 003 | CDMR | ||
| 005 | 20130417094510.0 | ||
| 008 | 130130s2000||||||||||||||||||||||||||||d | ||
| 020 | _a9782110057181 | ||
| 040 |
_aCDMR _bcat _cCDMR |
||
| 245 | 0 | 0 |
_aVous avez dit photographie? _b: les adresses utiles de la photographie en France |
| 260 |
_aParis _c2000 _bLa documentation Française |
||
| 650 | 0 | 4 |
_93096 _aFotografia |
| 942 |
_cMON _2udc |
||
| 999 |
_c5660 _d5660 |
||